Les ordres militaires religieux - Statistiques

Statistiques générales
  • Ce quiz a été pris 70 fois
  • Le résultat moyen est 3 sur 36
Statistiques - réponses
Date de création Ordre % Correct
1129 Ordre du Temple
89%
1137 (1080*) Saint-Jean de Jérusalem
78%
1190 Teutonique
50%
1202 Porte-Glaive
14%
1158 Calatrava
9%
Raymond de Calatrava
9%
1053 Chevaliers de Saint-Pierre
8%
XIe s. approuvé en 1255 Saint-Lazare de Jérusalem
8%
1520-1545? Ordre sacré et militaire constantinien de Saint-Georges
6%
1201 Saint Georges d'Alfama
6%
1099 Saint-Sépulcre de Jérusalem
6%
1170 Santiago
6%
Hugues de Payns
5%
Raymond du Puy (Frère Bernard*)
5%
1272 Santa Maria
5%
1183 Alcantara
3%
1237 Saint Thomas d'Acre
3%
Alphonse X
2%
Christian d'Oliva
2%
1167 d'Aviz
2%
1228 Dobrin
2%
1319 (créé sur les décombres d'un ancien ordre) du Christ
2%
Godefroy de Bouillon
2%
Léon IX
2%
1317 (créé sur les décombres d'un ancien ordre) Montesa
2%
1175 Montjoie
2%
Pietro Angelo
2%
Albert de Buxhoeveden
0%
Alphonse Ier
0%
Heinrich Walpot
0%
Moines arméniens
0%
Pedro Fernández de Fuente Encalato
0%
Pierre des Roches
0%
Pierre II d'Aragon
0%
Rodrigo Alvarez de Sarria
0%
Saint Julien du Poirier
0%
Aucun quiz correspondant
Distribution des résultats
% des personnes avec chaque résultat
Percentile par nombre de réponses
Votre historique - résultats
Vous n’avez pas pris ce quiz